|
|
|
|
| LEADER |
00000nam0a2200000 4500 |
| 001 |
56980 |
| 005 |
20231031054017.0 |
| 035 |
|
|
|a (RuTPU)RU\TPU\book\59944
|
| 090 |
|
|
|a 56980
|
| 100 |
|
|
|a 20031020d1973 m y0rusy50 ca
|
| 101 |
0 |
|
|a rus
|
| 102 |
|
|
|a RU
|
| 105 |
|
|
|a a j 001zy
|
| 200 |
1 |
|
|a Химия и микробиология природных и сточных вод
|e учебное пособие
|f И. В. Вольф, Н. И. Ткаченко
|g Ленинградский Ордена Ленина и Ордена Трудового Красного Знамени государственный университет имени А. А. Жданова
|
| 210 |
|
|
|a Ленинград
|c Изд-во Ленинградского ун-та
|d 1973
|
| 215 |
|
|
|a 238 с.
|c ил.
|
| 320 |
|
|
|a Списки литературы в конце частей.
|
| 610 |
1 |
|
|a химия
|
| 610 |
1 |
|
|a микробиология
|
| 610 |
1 |
|
|a сточные воды
|
| 610 |
1 |
|
|a химический анализ
|
| 610 |
1 |
|
|a вода
|
| 610 |
1 |
|
|a учебные пособия
|
| 610 |
1 |
|
|a очистка
|
| 675 |
|
|
|a 628.3(075.8)
|v 3
|
| 700 |
|
1 |
|a Вольф
|b И. В.
|g Игорь Викторович
|
| 701 |
|
1 |
|a Ткаченко
|b Н. И.
|g Надежда Ильинична
|
| 712 |
0 |
2 |
|a Ленинградский государственный университет (ЛГУ)
|c (1924-1991)
|2 stltpush
|3 (RuTPU)RU\TPU\col\77
|
| 801 |
|
1 |
|a RU
|b 63413507
|c 20031020
|g PSBO
|
| 801 |
|
2 |
|a RU
|b 63413507
|c 20160315
|g PSBO
|
| 900 |
|
|
|a Химия и технология сырья
|
| 900 |
|
|
|a Водоиспользование и управление водохозяйственными систем
|
| 900 |
|
|
|a Анализ и улучшение качества природных вод
|
| 900 |
|
|
|a Аналитическая химия и физико-химические методы анализа
|
| 942 |
|
|
|c BK
|
| 952 |
|
|
|a 550800
|b 250000
|